Les sept merveilles du monde moderne / (Record no. 151809)

MARC details
000 -LEADER
campo de control de longitud fija 00626nam a22001815i 4500
001 - NÚMERO DE CONTROL
campo de control 151809
003 - IDENTIFICADOR DE NÚMERO DE CONTROL
campo de control ES-MaACL
005 - FECHA Y HORA DE LA ÚLTIMA TRANSACCIÓN
campo de control 20250902215904.0
008 - DATOS DE LONGITUD FIJA--INFORMACIÓN GENERAL
campo de control de longitud fija 051006s1887 fr b |||| | fre d
040 ## - FUENTE DE CATALOGACIÓN
Centro catalogador/agencia de origen CAM
Lengua de catalogación spa
Centro/agencia transcriptor CAM
100 1# - ENTRADA PRINCIPAL--NOMBRE DE PERSONA
Nombre de persona Belly, Felix.
9 (RLIN) 27294
245 14 - MENCIÓN DEL TÍTULO
Título Les sept merveilles du monde moderne /
Mención de responsabilidad, etc. par Félix Belly.
260 ## - PUBLICACIÓN, DISTRIBUCIÓN, ETC.
Lugar de publicación, distribución, etc. Paris :
Nombre del editor, distribuidor, etc. Calmann-Lévy, éditeur,
Fecha de publicación, distribución, etc. 1887 (
Lugar de fabricación/manufactura Bruxelles :
Fabricante Imprimerie J. Lebègue & C.)
300 ## - DESCRIPCIÓN FÍSICA
Extensión 185, [2] p., [5] h. de map. pleg. ;
Dimensiones 24 cm.
650 #7 - PUNTO DE ACCESO ADICIONAL DE MATERIA--TÉRMINO DE MATERIA
Término de materia o nombre geográfico como elemento de entrada Ingeniería civil
Fuente del encabezamiento o término embne
9 (RLIN) 13771
852 ## - LOCALIZACIÓN
Ubicación ES-MaACL
Número de control de estantería F-9673
Nota libre -- Enc. pasta española
Holdings
Estatus retirado Estado de pérdida Estado de daño No para préstamo Colección Biblioteca de origen Biblioteca actual Ubicación en estantería Fecha de adquisición Fuente de adquisición Total de préstamos Signatura topográfica completa Código de barras Visto por última vez Precio de reemplazo Tipo de ítem Koha
        Libros del s. XIX Biblioteca del Ateneo de Madrid Biblioteca del Ateneo de Madrid Sala Pecera Planta 2 17/01/2008     F-9673 1158441 23/02/2023 23/02/2023 Libro impreso antiguo